[Event "SVR-ch MAT-II 37th"]
[Site "Heimbach Weis"]
[Date "2014.04.17"]
[Round "6"]
[White "Becker, Wilhelm"]
[Black "Kania, Patrick"]
[Result "1-0"]
[WhiteElo "1917"]
[BlackElo "1472"]
[PlyCount "71"]
[EventDate "2014.04.11"]
[EventType "tourn"]
[EventRounds "9"]
[EventCountry "GER"]
[SourceTitle "CBM 160 Extra"]
[Source "ChessBase"]
[SourceDate "2014.07.01"]
[SourceVersion "1"]
[SourceVersionDate "2014.07.01"]
[SourceQuality "1"]

1. d4 e6 2. c4 Ne7 3. Nc3 d5 4. Nf3 Ng6 5. g3 Nc6 6. Bg2 Be7 7. 0-0 Bf6 8. cxd5 exd5 9. a3 0-0 10. b4 Nce7 11. Bg5 Bxg5 12. Nxg5 c6 13. Nf3 Bf5 14. Qb3 Qc8 15. Rfc1 Qe6 16. Ra2 h5 17. h4 Bh3 18. Ng5 Qf6 19. Nxh3 Nf5 20. e3 Ngxh4 21. gxh4 Nxh4 22. Qd1 g6 23. Qe2 Kg7 24. Re1 Rh8 25. f4 Nf5 26. Qf2 Nh6 27. Ng5 Qf5 28. Bh3 Ng4 29. Qc2 Qf6 30. Qd3 Rae8 31. Rg2 Qd6 32. Bxg4 hxg4 33. Rxg4 f6 34. Nf3 Rh6 35. Re2 Kf7 36. Reg2 1-0

[Event "SVR-op 36th"]
[Site "Idar Oberstein"]
[Date "2013.03.28"]
[Round "5"]
[White "Baumann, Bettina"]
[Black "Kania, Patrick"]
[Result "1/2-1/2"]
[WhiteElo "1460"]
[BlackElo "1404"]
[PlyCount "101"]
[EventDate "2013.03.23"]
[EventType "swiss"]
[EventRounds "7"]
[EventCountry "GER"]
[SourceTitle "EXT 2014"]
[Source "ChessBase"]
[SourceDate "2013.11.20"]
[SourceVersion "1"]
[SourceVersionDate "2013.11.20"]
[SourceQuality "1"]

1. d4 d5 2. c4 dxc4 3. e3 e6 4. Nc3 c5 5. Bxc4 Nc6 6. d5 Ne5 7. Bb5+ Bd7 8. dxe6 fxe6 9. Bxd7+ Qxd7 10. Qxd7+ Nxd7 11. Nf3 Ne7 12. Ng5 e5 13. 0-0 Nf5 14. Rd1 Nf6 15. b3 Be7 16. Bb2 h6 17. Nge4 0-0 18. Nd2 a6 19. Nc4 e4 20. Nd5 Nxd5 21. Rxd5 Rad8 22. Re5 b5 23. Nb6 Rd2 24. Nd5 Bd6 25. Rxe4 Rxb2 26. Re6 Kf7 27. Re4 Rd2 28. Nf4 Bxf4 29. Rxf4 Kg6 30. g4 Rf6 31. gxf5+ Rxf5 32. Rxf5 Kxf5 33. a4 Ke4 34. Kg2 Rb2 35. axb5 axb5 36. Rc1 Kd5 37. e4+ Kxe4 38. Rxc5 Rxb3 39. Rc7 g5 40. Rc6 Rd3 41. Rb6 Rd5 42. Rxh6 Kd4 43. h4 gxh4 44. Rxh4+ Kc3 45. f4 b4 46. Rh3+ Rd3 47. Rxd3+ Kxd3 48. f5 b3 49. f6 b2 50. f7 b1Q 51. f8Q 1/2-1/2

[Event "SVR-op 35th"]
[Site "Nickenich"]
[Date "2012.03.31"]
[Round "2"]
[White "Kania, Patrick"]
[Black "Goetz, Benjamin"]
[Result "0-1"]
[WhiteElo "1300"]
[BlackElo "1590"]
[PlyCount "90"]
[EventDate "2012.03.30"]
[EventType "swiss"]
[EventRounds "7"]
[EventCountry "GER"]
[SourceTitle "EXT 2013"]
[Source "ChessBase"]
[SourceDate "2012.11.22"]
[SourceVersion "1"]
[SourceVersionDate "2012.11.22"]
[SourceQuality "1"]

1. e4 e5 2. c3 Nf6 3. d3 Nc6 4. Bg5 h6 5. Bh4 Bc5 6. Nf3 d6 7. h3 Be6 8. d4 exd4 9. cxd4 Bb4+ 10. Nc3 g5 11. a3 Bxc3+ 12. bxc3 gxh4 13. d5 Nxe4 14. dxc6 bxc6 15. Qd4 Nf6 16. Bd3 Bd5 17. 0-0 Bxf3 18. Qe3+ Be4 19. Bxe4 Nxe4 20. Qxe4+ Kd7 21. Qf5+ Ke8 22. Rfe1+ Kf8 23. Re3 Rg8 24. f4 Rg6 25. Rae1 Qf6 26. Qe4 d5 27. Qb4+ Kg7 28. Re8 Rxe8 29. Rxe8 Qd6 30. Qd4+ Rf6 31. Re5 Qxa3 32. Kh2 Qd6 33. Qf2 a5 34. Qxh4 a4 35. Qg3+ Rg6 36. Qe3 a3 37. Qd4 Rf6 38. g3 a2 39. c4 dxc4 40. Qb2 c5 41. Qxa2 Qd4 42. Qg2 c3 43. Re4 Qd3 44. Re2 Rd6 45. Qf1 Qxe2+ 0-1